00329nam a22000857a 4500008004100000050002700041100002400068245013700092300001400229210121b xxu||||| |||| 00| 0 eng d aGMB0101b.C44 2018 c.1 a Chepkemoi, Skeeter aEffect of selected firm-level characteristics on financial performance of commercial banks in Nakuru town, Kenya cSkeeter Chepkemoi a73 leaves